00569nam a2200157Ia 4500008004100000041000800041082001500049100002300064245005300087260003800140300001200178365001300190906005900203999001900262952013000281210423s2008 xx 000 0 und d aeng a541.3 DUFG aDUFFEY (George H). aModern physical chemistry: a molecular approach. aNew DelhibSpringer Pvt Ltdc2008 axii,554 b695cINR aapproach. ; chemistry: ; Modern ; molecular ; physical c153966d153966 001040708ACaSACPGbSACPGd2008-08-07eAthulya Booksg695.00l0o541.3 DUFGpPG000433r2022-08-24 00:00:00w2021-04-26yBK